000 00474nam a2200181Ia 4500
003 OSt
005 20260131093401.0
008 210210b1955 xxu||||| |||| 00| 0 eng d
040 _cAL
041 _aKannada
082 _a853/182
100 _aNARASAYYA (K)
_9161120
_dನರಸಯ್ಯ (ಕೆ)
245 _aRajashri:
_bರಾಜಶ್ರೀ
260 _aMaisuru
_bChetana Pustakalaya
_c1955
690 _aKannada Drama
_9161121
906 _a019452
942 _2ddc
_cBK
999 _c143571
_d143571